Ul̲aippē uyarvu tarum. (Record no. 73771)
[ view plain ]
| 000 -LEADER | |
|---|---|
| fixed length control field | 00710cam a22002411 4500 |
| 001 - CONTROL NUMBER | |
| control field | sa 67003297 |
| 003 - CONTROL NUMBER IDENTIFIER | |
| control field | DLC |
| 005 - DATE AND TIME OF LATEST TRANSACTION | |
| control field | 20260227112337.0 |
| 008 - FIXED-LENGTH DATA ELEMENTS--GENERAL INFORMATION | |
| fixed length control field | 890908s1966 ii 000 0 tam |
| 010 ## - LIBRARY OF CONGRESS CONTROL NUMBER | |
| LC control number | sa 67003297 |
| 035 ## - SYSTEM CONTROL NUMBER | |
| System control number | (OCoLC)23570262 |
| 040 ## - CATALOGING SOURCE | |
| Original cataloging agency | DLC |
| Transcribing agency | MiU |
| Modifying agency | CU |
| -- | DLC |
| 042 ## - AUTHENTICATION CODE | |
| Authentication code | premarc |
| 050 00 - LIBRARY OF CONGRESS CALL NUMBER | |
| Classification number | DS481.A1 |
| Item number | K28 |
| 100 1# - MAIN ENTRY--PERSONAL NAME | |
| Personal name | Kamaraj, K., |
| Dates associated with a name | 1903-1975. |
| 245 10 - TITLE STATEMENT | |
| Title | Ul̲aippē uyarvu tarum. |
| Statement of responsibility, etc. | [Cor̲pol̲ivāḷar] Ku. Kāmarāj. [Tokuttavar Ār. Caṇmukam. |
| 250 ## - EDITION STATEMENT | |
| Edition statement | [1. patippu] |
| 260 ## - PUBLICATION, DISTRIBUTION, ETC. | |
| Place of publication, distribution, etc. | Cen̲n̲ai, |
| Name of publisher, distributor, etc. | Aruṇōkayam |
| Date of publication, distribution, etc. | [1966] |
| 300 ## - PHYSICAL DESCRIPTION | |
| Extent | 208 p. |
| Dimensions | 18 cm. |
| 500 ## - GENERAL NOTE | |
| General note | In Tamil. |
| 651 #0 - SUBJECT ADDED ENTRY--GEOGRAPHIC NAME | |
| Geographic name | India |
| General subdivision | Politics and government |
| Chronological subdivision | 1947- |
| 700 1# - ADDED ENTRY--PERSONAL NAME | |
| Personal name | Shanmugam, R., |
| Dates associated with a name | 1926- |
| Relator term | ed. |
No items available.